<?xml version="1.0" encoding="UTF-8"?>
<collection xmlns="http://www.loc.gov/MARC21/slim">
 <record>
  <leader>05301nam a2200409 a 4500</leader>
  <controlfield tag="001">kal2546</controlfield>
  <controlfield tag="003">Gr-AtHEAL</controlfield>
  <controlfield tag="005">20160427105334.0</controlfield>
  <controlfield tag="006">m        d        </controlfield>
  <controlfield tag="008">160413s2015    gr      s           gre|c</controlfield>
  <datafield tag="020" ind1=" " ind2=" ">
   <subfield code="a">9789606033827</subfield>
  </datafield>
  <datafield tag="040" ind1=" " ind2=" ">
   <subfield code="a">GR-AtHEAL</subfield>
   <subfield code="b">gre</subfield>
   <subfield code="c">GR-AtHEAL</subfield>
  </datafield>
  <datafield tag="082" ind1="0" ind2="4">
   <subfield code="a">006.8</subfield>
   <subfield code="2">23</subfield>
  </datafield>
  <datafield tag="100" ind1="1" ind2=" ">
   <subfield code="a">Λέπουρας, Γεώργιος.</subfield>
   <subfield code="8">739</subfield>
  </datafield>
  <datafield tag="245" ind1="1" ind2="0">
   <subfield code="a">Ανάπτυξη συστημάτων εικονικής πραγματικότητας</subfield>
   <subfield code="h">[Ηλεκτρονικός πόρος] </subfield>
   <subfield code="c">Λέπουρας, Γεώργιος ;  Αντωνίου, Αγγελική ;  Πλατής, Νικόλαος ; Χαρίτος, Δημήτρης ; Κριτικός αναγνώστης,Βασιλάκης, Κωνσταντίνος ; Γραφιστική επιμέλεια, Αγγελάκος,Ιωάννης ; Τεχνική επιμέλεια,Αγγελάκος,Ιωάννης.</subfield>
  </datafield>
  <datafield tag="260" ind1=" " ind2=" ">
   <subfield code="a">Αθήνα :</subfield>
   <subfield code="b">Σύνδεσμος Ελληνικών Ακαδημαϊκών Βιβλιοθηκών,</subfield>
   <subfield code="c">c2015.</subfield>
  </datafield>
  <datafield tag="490" ind1=" " ind2=" ">
   <subfield code="a">Ακαδημαϊκά Ηλεκτρονικά Συγγράμματα και Βοηθήματα Κάλλιπος</subfield>
   <subfield code="8">40</subfield>
  </datafield>
  <datafield tag="520" ind1=" " ind2=" ">
   <subfield code="a">Το σύγγραμμα στοχεύει στην παρουσίαση του θεωρητικού υπόβαθρου, των τεχνολογιών, τεχνικών σχεδιασμού, υλοποίησης και αξιολόγησης καθώς και εφαρμογών των Συστημάτων Εικονικής Πραγματικότητας. Το προτεινόμενο σύγγραμμα στοχεύει σε φοιτητές, προπτυχιακούς αλλά και μεταπτυχιακούς, που θέλουν να εξοικειωθούν με την ανάπτυξη Συστημάτων Εικονικής Πραγματικότητας. Θέλουμε να προσφέρουμε ένα ολοκληρωμένο ηλεκτρονικό βιβλίο που θα καλύπτει όλα τα θέματα σχετικών τομέων όπως Μαθηματικών, Ηλεκτρολόγων Μηχανικών, Εργονομίας, Ψυχολογίας και βέβαια Πληροφορικής που είναι αναγκαία για την κατανόηση των ιδιαιτεροτήτων της ανάπτυξης ενός Συστήματος Εικονικής Πραγματικότητας. Κινούμενο προς αυτήν την κατεύθυνση το βιβλίο αποτελείται από 5 Μέρη:Μέρος Α' – Θεωρητικό υπόβαθροΚεφάλαιο 1. Εισαγωγή στην Εικονική ΠραγματικότηταΚεφάλαιο 2. Ο ΆνθρωποςΚεφάλαιο 3. Μαθηματικό ΥπόβαθροΜέρος Β' – ΤεχνολογίαΚεφάλαιο 4. Μονάδες ΕισόδουΚεφάλαιο 5. Μονάδες ΕξόδουΚεφάλαιο 6. Αρχιτεκτονικές Συστημάτων Εικονικής ΠραγματικότηταςΜέρος Γ' – Διαδικασία ανάπτυξηςΚεφάλαιο 7. Σχεδιασμός ΕμπειρίαςΚεφάλαιο 8. Δημιουργία Εικονικού ΚόσμουΚεφάλαιο 9. Σχεδιασμός ΔιάδρασηςΚεφάλαιο 10. ΑξιολόγησηΜέρος Δ' – ΕφαρμογέςΚεφάλαιο 11. Μάθηση και ΔιασκέδασηΚεφάλαιο 12. ΙατρικήΚεφάλαιο 13. Στρατιωτικές ΕφαρμογέςΚεφάλαιο 14. ΚατασκευέςΚεφάλαιο 15. ΟπτικοποίησηΜέρος Ε' – ΠαραρτήματαΠαράρτημα Α. ΑναφορέςΠαράρτημα Β. Σύντομη Παρουσίαση Εργαλείων Ανάπτυξης</subfield>
  </datafield>
  <datafield tag="650" ind1=" " ind2="0">
   <subfield code="a">Virtual reality</subfield>
   <subfield code="8">2450</subfield>
  </datafield>
  <datafield tag="650" ind1=" " ind2="0">
   <subfield code="a">Computers/computer graphics</subfield>
   <subfield code="8">2655</subfield>
  </datafield>
  <datafield tag="653" ind1=" " ind2=" ">
   <subfield code="a">Ανάπτυξη λογισμικού</subfield>
  </datafield>
  <datafield tag="653" ind1=" " ind2=" ">
   <subfield code="a">Τεχνολογία λογισμικού</subfield>
  </datafield>
  <datafield tag="653" ind1=" " ind2=" ">
   <subfield code="a">Γραφικά υπολογιστών</subfield>
  </datafield>
  <datafield tag="653" ind1=" " ind2=" ">
   <subfield code="a">Επικοινωνία ανθρώπου-μηχανής</subfield>
  </datafield>
  <datafield tag="653" ind1=" " ind2=" ">
   <subfield code="a">Εικονική πραγματικότητα</subfield>
  </datafield>
  <datafield tag="653" ind1=" " ind2=" ">
   <subfield code="a">Επιστήμη υπολογιστών/Πληροφορική</subfield>
   <subfield code="a">Αρχές ανάπτυξης λογισμικού</subfield>
  </datafield>
  <datafield tag="653" ind1=" " ind2=" ">
   <subfield code="a">Επιστήμη υπολογιστών/Πληροφορική</subfield>
   <subfield code="a">Γραφικά και οπτικοποίηση</subfield>
  </datafield>
  <datafield tag="653" ind1=" " ind2=" ">
   <subfield code="a">Επιστήμη υπολογιστών/Πληροφορική</subfield>
   <subfield code="a">Βασικές αρχές συστημάτων</subfield>
  </datafield>
  <datafield tag="700" ind1="1" ind2=" ">
   <subfield code="a">Αντωνίου, Αγγελική</subfield>
   <subfield code="e">Συγγραφέας</subfield>
   <subfield code="8">760</subfield>
  </datafield>
  <datafield tag="700" ind1="1" ind2=" ">
   <subfield code="a">Πλατής, Νικόλαος</subfield>
   <subfield code="e">Συγγραφέας</subfield>
   <subfield code="8">761</subfield>
  </datafield>
  <datafield tag="700" ind1="1" ind2=" ">
   <subfield code="a">Χαρίτος, Δημήτρης</subfield>
   <subfield code="e">Συγγραφέας</subfield>
   <subfield code="8">762</subfield>
  </datafield>
  <datafield tag="700" ind1="1" ind2=" ">
   <subfield code="a">Βασιλάκης, Κωνσταντίνος</subfield>
   <subfield code="e">Κριτικός αναγνώστης</subfield>
   <subfield code="8">763</subfield>
  </datafield>
  <datafield tag="856" ind1="4" ind2="0">
   <subfield code="u">http://hdl.handle.net/11419/2546</subfield>
   <subfield code="z">Πλήρες Κείμενο - Full text</subfield>
  </datafield>
  <datafield tag="907" ind1=" " ind2=" ">
   <subfield code="a">.b25678152</subfield>
   <subfield code="b">12-06-18</subfield>
   <subfield code="c">29-07-16</subfield>
  </datafield>
  <datafield tag="949" ind1=" " ind2=" ">
   <subfield code="0">0</subfield>
   <subfield code="1">0</subfield>
   <subfield code="2">ddc</subfield>
   <subfield code="4">0</subfield>
   <subfield code="6">006_800000000000000_ΛΕΠ</subfield>
   <subfield code="7">0</subfield>
   <subfield code="8">KALL</subfield>
   <subfield code="8">574</subfield>
   <subfield code="d">2016-04-13</subfield>
   <subfield code="r">2016-04-13</subfield>
   <subfield code="w">2016-04-13</subfield>
   <subfield code="z">006.8 ΛΕΠ</subfield>
   <subfield code="o">SEAB KALLIPOS</subfield>
  </datafield>
  <datafield tag="998" ind1=" " ind2=" ">
   <subfield code="a">80</subfield>
   <subfield code="a">01</subfield>
   <subfield code="a">02</subfield>
   <subfield code="a">03</subfield>
   <subfield code="a">04</subfield>
   <subfield code="a">05</subfield>
   <subfield code="a">06</subfield>
   <subfield code="a">07</subfield>
   <subfield code="a">08</subfield>
   <subfield code="a">09</subfield>
   <subfield code="a">10</subfield>
   <subfield code="a">11</subfield>
   <subfield code="a">12</subfield>
   <subfield code="a">13</subfield>
   <subfield code="a">14</subfield>
   <subfield code="a">15</subfield>
   <subfield code="a">16</subfield>
   <subfield code="a">17</subfield>
   <subfield code="a">18</subfield>
   <subfield code="a">19</subfield>
   <subfield code="a">20</subfield>
   <subfield code="a">21</subfield>
   <subfield code="a">22</subfield>
   <subfield code="a">23</subfield>
   <subfield code="a">24</subfield>
   <subfield code="a">25</subfield>
   <subfield code="a">26</subfield>
   <subfield code="b">11-05-17</subfield>
   <subfield code="c">m</subfield>
   <subfield code="d">z  </subfield>
   <subfield code="e">-</subfield>
   <subfield code="f">gre</subfield>
   <subfield code="g">gr </subfield>
   <subfield code="h">0</subfield>
  </datafield>
  <datafield tag="942" ind1=" " ind2=" ">
   <subfield code="2">ddc</subfield>
   <subfield code="c">KALLIPOS</subfield>
  </datafield>
 </record>
</collection>
